| 000 | 00000nam 2200000za 4500 |
| 001 | 9.854828 |
| 003 | CaOODSP |
| 005 | 20240207095648 |
| 007 | cr ||||||||||| |
| 008 | 180406s2018 qucab ob f000 0 fre d |
| 020 | |z9780660216881 |
| 040 | |aCaOODSP|bfre |
| 043 | |an-cn-ns |
| 086 | 1 |aCW66-572/2018F-PDF|zCW66-366/2015F-PDF |
| 100 | 1 |aMacKinnon, Colin Mark,|d1959- |
| 245 | 10|aRéserve nationale de faune de la Baie-Wallace |h[ressource électronique] : |bplan de gestion 2018. |
| 246 | 17|aPlan de gestion de la réserve nationale de faune de la Baie-Wallace |
| 260 | |aGatineau, QC : |bEnvironnement et changement climatique Canada, |cc2018. |
| 300 | |a47 p. : |bcartes en coul., ill. (certaines en coul.) |
| 500 | |aPubl. aussi en anglais sous le titre : Wallace Bay National Wildlife Area management plan 2018. |
| 500 | |aTitre de la couv. |
| 500 | |aPlan de gestion préparé par : Colin MacKinnon. Cf. Remerciements. |
| 500 | |aRepublié decembre 2018. |
| 504 | |aComprend des références bibliographiques. |
| 692 | 07|2gccst|aAire de conservation |
| 692 | 07|2gccst|aGestion |
| 710 | 2 |aService canadien de la faune. |bRégion de l'Atlantique. |
| 710 | 1 |aCanada. |bEnvironnement et changement climatique Canada. |
| 775 | 08|tWallace Bay National Wildlife Area management plan 2018 |w(CaOODSP)9.854827 |
| 856 | 40|qPDF|s4.47 Mo|uhttps://publications.gc.ca/collections/collection_2018/eccc/CW66-572-2018-fra.pdf |